00673nam a22001337a 4500999001700000003000400017008004100021245003700062250007400099260007200173650004600245942001200291952023600303 c10185d10185OSt201218b ||||| |||| 00| 0 eng d aJournal of Engineering Education a2008(Jan-Mar Vol.11 No.3, Apr-Jun Vol.21 No.4, Jul-Oct Vol.22 No.1-2) aPune, MaharashtrabMarathwada Mitra Mandal's College of Engineering aElectronics and Communication Engineering 2ddccBV 00102ddc3Bound Volume40718BTECHECEaPIETbPIETd2020-12-23eMarathwada Mitra Mandal's College of Engineeringh2008(Jan-Mar Vol.11 No.3, Apr-Jun Vol.21 No.4, Jul-Oct Vol.22 No.1-2)l0pBV928r2020-12-23 00:00:00w2008-01-09yBV